Model ročného plánu na úrovni rezortu Slovenského úradu geodézie a kartografie záverečná práca postgraduálneho štúdia

Salvato in:
Dettagli Bibliografici
Autore principale: Nazad, Michal
Ente Autore: Vysoká škola ekonomická v Bratislave
Altri autori: Štefanco, Michal
Natura: Libro
Lingua:slovacco
Pubblicazione: Bratislava 1985
Tags: Aggiungi Tag
Nessun Tag, puoi essere il primo ad aggiungerne!!

MARC

LEADER 00000nam a2200000 4500
001 c035395
005 20221220075801.1
041 0 |a slo 
044 |a SK 
245 1 0 |a Model ročného plánu na úrovni rezortu Slovenského úradu geodézie a kartografie  |b záverečná práca postgraduálneho štúdia  |c Michal Nazad ; Ved. práce Michal Štefanco 
264 1 |a Bratislava  |c 1985 
300 |a 48 s. 
100 1 |a Nazad, Michal 
700 1 |a Štefanco, Michal 
710 2 |a Vysoká škola ekonomická v Bratislave